000 00208 a2200097 4500
001 11855
100 _aWarne, J.D.
245 _aNATO and its prospects
260 _a
_bWilliam clowes
_c
090 _c9110
_d9110
942 _aNUST-CAE
_cM
_c35946
999 _c246928
_d246928